Quick Pick: Three-Word Songs II Quiz Stats

 Plays Quiz Updated Jun 24, 2016

Score 0/12 Timer 01:30
1 Play Today
% Correct
Cruel
98.2%
Call
97.7%
Friday
97.2%
Fields
97.1%
Walk
97%
Love
96.6%
Jagger
96.2%
Black
96%
Life
95.5%
Hot
94.9%
Speed
93%
Help
83.3%

Today's Daily Dose

You're not logged in!

Compare scores with friends on all Sporcle quizzes.
OR
Log In

Show Comments

Extras

Top Quizzes Today


Score Distribution

Your Account Isn't Verified!

In order to create a playlist on Sporcle, you need to verify the email address you used during registration. Go to your Sporcle Settings to finish the process.

Report this User

Report this user for behavior that violates our Community Guidelines.

Details: